[Event "FIDE WCC Rapid 2016 Women"]
[Site "Doha"]
[Date "2016.12.26"]
[Round "1"]
[White "Hallaeva, Bahar"]
[Black "Zhu, Chen"]
[Result "1-0"]
[WhiteElo "2112"]
[BlackElo "2419"]
[PlyCount "51"]
[EventDate "2016.??.??"]
[EventType "rapid"]
[EventCountry "QAT"]
[SourceTitle "playchess.com"]
[Source "ChessBase"]

1. e4 c5 2. c3 Nf6 3. e5 Nd5 4. d4 cxd4 5. Nf3 Nc6 6. cxd4 d6 7. Bc4 dxe5 8.
Nxe5 e6 9. O-O Be7 10. Nc3 Nxc3 11. bxc3 Nxe5 12. dxe5 Qxd1 13. Rxd1 O-O 14.
Be3 b6 15. a4 Rd8 16. Bd4 Bd7 17. a5 b5 18. Be2 Bc6 19. a6 h6 20. Rab1 Rab8 21.
Be3 Rxd1+ 22. Rxd1 Be8 23. Ra1 Rc8 24. Bxa7 Rxc3 25. Bd4 Rc8 26. Bf3 1-0

[Event "FIDE WCC Rapid 2016 Women"]
[Site "Doha"]
[Date "2016.12.26"]
[Round "1"]
[White "Goryachkina, Aleksandra"]
[Black "Sviridova, Vlada"]
[Result "1-0"]
[WhiteElo "2466"]
[BlackElo "2144"]
[PlyCount "71"]
[EventDate "2016.??.??"]
[EventType "rapid"]
[EventCountry "QAT"]
[SourceTitle "playchess.com"]
[Source "ChessBase"]

1. d4 d5 2. c4 c6 3. cxd5 cxd5 4. Bf4 Nf6 5. e3 Nc6 6. Nc3 a6 7. Bd3 Bg4 8.
Nge2 e6 9. O-O Be7 10. Rc1 O-O 11. Na4 Nd7 12. a3 Rc8 13. b4 e5 14. dxe5 Ndxe5
15. Bb1 Nc4 16. Qd3 g6 17. f3 Be6 18. Bh6 Re8 19. Nc5 Bxc5 20. bxc5 Qh4 21. Bf4
Qe7 22. Qc3 g5 23. Bd6 Nxd6 24. cxd6 Qxd6 25. Ng3 Qe5 26. Qd3 Qg7 27. f4 d4 28.
fxg5 Qxg5 29. Qxh7+ Kf8 30. Ne4 Qxe3+ 31. Kh1 Red8 32. Rce1 Qxa3 33. Ng5 Re8
34. Nxe6+ Ke7 35. Rxf7+ Kd6 36. Rd7# 1-0

[Event "FIDE WCC Rapid 2016 Women"]
[Site "Doha"]
[Date "2016.12.26"]
[Round "1"]
[White "Javakhishvili, Lela"]
[Black "Sloan, Julia Elizabeth"]
[Result "1-0"]
[WhiteElo "2461"]
[BlackElo "2173"]
[PlyCount "61"]
[EventDate "2016.??.??"]
[EventType "rapid"]
[EventCountry "QAT"]
[SourceTitle "playchess.com"]
[Source "ChessBase"]

1. c4 e5 2. Nc3 Nc6 3. Nf3 a5 4. g3 Bc5 5. Bg2 d6 6. O-O Nge7 7. e3 Bg4 8. h3
Bxf3 9. Qxf3 O-O 10. d3 f5 11. b3 Qd7 12. Bb2 Ng6 13. Nb5 f4 14. d4 exd4 15.
exf4 Qf5 16. Nxc7 Rad8 17. Qd5+ Qxd5 18. Bxd5+ Kh8 19. Ne6 Nge7 20. Nxd8 Nxd8
21. Rad1 Ndc6 22. Rfe1 g5 23. fxg5 Nxd5 24. cxd5 Ne5 25. Kg2 Nf3 26. Re7 b6 27.
Rd3 Nxg5 28. Rxd4 Kg8 29. Rf4 Rxf4 30. gxf4 Nf7 31. Re8# 1-0

[Event "FIDE WCC Rapid 2016 Women"]
[Site "Doha"]
[Date "2016.12.26"]
[Round "1"]
[White "Tan, Zhongyi"]
[Black "Arabidze, Meri"]
[Result "1-0"]
[WhiteElo "2496"]
[BlackElo "2379"]
[PlyCount "117"]
[EventDate "2016.??.??"]
[EventType "rapid"]
[EventCountry "QAT"]
[SourceTitle "playchess.com"]
[Source "ChessBase"]

1. d4 Nf6 2. c4 Nc6 3. Nf3 e6 4. Nc3 Bb4 5. Bg5 h6 6. Bh4 O-O 7. e3 Bxc3+ 8.
bxc3 d6 9. Bd3 e5 10. Nd2 g5 11. Bg3 Re8 12. O-O Bg4 13. Qb1 Rb8 14. d5 Na5 15.
f3 Bh5 16. Bf2 Kg7 17. e4 b6 18. Qc2 Bg6 19. Be3 Nb7 20. Nb3 Nh5 21. g3 Qd7 22.
Rf2 Nc5 23. Nxc5 bxc5 24. Kg2 Rf8 25. Rh1 f5 26. exf5 Bxf5 27. Bxf5 Qxf5 28.
Qxf5 Rxf5 29. h4 gxh4 30. Rxh4 Kh7 31. Kh2 Rbf8 32. Bc1 Rxf3 33. Rxf3 Rxf3 34.
Rxh5 Rxc3 35. Rxh6+ Kg7 36. Bg5 Rxc4 37. Re6 Rd4 38. Bd8 Rxd5 39. Bxc7 Rd2+ 40.
Kh3 d5 41. Bxe5+ Kf7 42. Ra6 d4 43. Rc6 Rxa2 44. Rxc5 d3 45. Bf4 Ke6 46. Re5+
Kf6 47. Rd5 Ra3 48. Kg4 a5 49. Kf3 a4 50. Ke4 Ra2 51. Rxd3 Kf7 52. Rd7+ Ke6 53.
Rd6+ Ke7 54. Ra6 Ra1 55. Kf5 Kd7 56. g4 a3 57. g5 a2 58. g6 Kc8 59. Be5 1-0

[Event "FIDE WCC Rapid 2016 Women"]
[Site "Doha"]
[Date "2016.12.26"]
[Round "1"]
[White "Batsiashvili, Nino"]
[Black "Ovezdurdiyeva, Jemal"]
[Result "1-0"]
[WhiteElo "2482"]
[BlackElo "2080"]
[PlyCount "71"]
[EventDate "2016.??.??"]
[EventType "rapid"]
[EventCountry "QAT"]
[SourceTitle "playchess.com"]
[Source "ChessBase"]

1. d4 Nf6 2. c4 g6 3. Nc3 Bg7 4. e4 d6 5. f3 O-O 6. Be3 e5 7. d5 c6 8. Bd3 cxd5
9. cxd5 a6 10. Nge2 Nbd7 11. O-O b5 12. Rc1 Nb6 13. a4 bxa4 14. Nxa4 Nxa4 15.
Qxa4 Bd7 16. Qa3 Ne8 17. Nc3 f5 18. Na4 Bxa4 19. Qxa4 Rf7 20. Rc6 fxe4 21. fxe4
Rxf1+ 22. Bxf1 Nf6 23. Be2 a5 24. Qc4 Rb8 25. Qc2 Qd7 26. h3 Qb7 27. Rc7 Qxb2
28. Rc8+ Bf8 29. Qxb2 Rxb2 30. Bh6 Nd7 31. Bg4 Kf7 32. Be6+ Ke7 33. Bg5+ Nf6
34. Rc7+ Kd8 35. Rd7+ Kc8 36. Rf7+ 1-0

[Event "FIDE WCC Rapid 2016 Women"]
[Site "Doha"]
[Date "2016.12.26"]
[Round "1"]
[White "Dzagnidze, Nana"]
[Black "Charochkina, Daria"]
[Result "1-0"]
[WhiteElo "2520"]
[BlackElo "2383"]
[PlyCount "63"]
[EventDate "2016.??.??"]
[EventType "rapid"]
[EventCountry "QAT"]
[SourceTitle "playchess.com"]
[Source "ChessBase"]

1. Nf3 f5 2. b3 Nf6 3. Bb2 e6 4. c4 c6 5. g3 d5 6. Bg2 Bd6 7. O-O O-O 8. d3 a5
9. Nc3 Na6 10. e4 fxe4 11. dxe4 dxe4 12. Ng5 Be5 13. Ngxe4 Nxe4 14. Bxe4 Qf6
15. Rc1 Nc5 16. Bb1 Bd7 17. Qc2 Qh6 18. Rce1 Bd4 19. Na4 e5 20. Bxd4 exd4 21.
Nxc5 Bh3 22. Nxb7 Ra7 23. Nc5 Raf7 24. Ne4 Bxf1 25. Rxf1 Qg6 26. Nd6 Qxc2 27.
Bxc2 Rf3 28. Be4 Rc3 29. Bxc6 h6 30. Bd5+ Kh7 31. Rd1 h5 32. Nb5 1-0

[Event "FIDE WCC Rapid 2016 Women"]
[Site "Doha"]
[Date "2016.12.26"]
[Round "1"]
[White "Paehtz, Elisabeth"]
[Black "Saduakassova, Dinara"]
[Result "1/2-1/2"]
[WhiteElo "2463"]
[BlackElo "2428"]
[PlyCount "72"]
[EventDate "2016.??.??"]
[EventType "rapid"]
[EventCountry "QAT"]
[SourceTitle "playchess.com"]
[Source "ChessBase"]

1. d4 Nf6 2. Nf3 e6 3. e3 b6 4. Bd3 Bb7 5. Nbd2 c5 6. b3 Be7 7. Bb2 d6 8. O-O
O-O 9. c4 Nbd7 10. Qe2 Qc7 11. Rac1 Rac8 12. Bb1 Qb8 13. Rfd1 Qa8 14. Qd3 g6
15. Re1 Rfd8 16. e4 cxd4 17. Nxd4 Bf8 18. Qh3 e5 19. Nb5 Nh5 20. Nc3 Nf4 21.
Qg3 Bh6 22. Rcd1 Nc5 23. Nd5 Nxd5 24. exd5 b5 25. Qh4 Bg7 26. Re3 bxc4 27. bxc4
Na4 28. Ba1 Nb6 29. Rh3 h6 30. Bd3 Ba6 31. Rf3 Qb7 32. Rg3 Qc7 33. Bf5 Rb8 34.
Bd3 Rbc8 35. Bf5 Rb8 36. Bd3 Rbc8 1/2-1/2

[Event "FIDE WCC Rapid 2016 Women"]
[Site "Doha"]
[Date "2016.12.26"]
[Round "1"]
[White "Pham, Le Thao Nguyen"]
[Black "Ju, Wenjun"]
[Result "1/2-1/2"]
[WhiteElo "2351"]
[BlackElo "2579"]
[PlyCount "68"]
[EventDate "2016.??.??"]
[EventType "rapid"]
[EventCountry "QAT"]
[SourceTitle "playchess.com"]
[Source "ChessBase"]

1. d4 Nf6 2. Nf3 d5 3. Bf4 c5 4. e3 Nc6 5. Nbd2 e6 6. c3 cxd4 7. exd4 Nh5 8.
Bg3 g6 9. Be2 Be7 10. Ne5 Nxe5 11. Bxe5 f6 12. Bg3 Nxg3 13. hxg3 e5 14. Qa4+
Bd7 15. Bb5 e4 16. Nf1 a6 17. Bxd7+ Qxd7 18. Qb3 f5 19. a4 O-O 20. Ne3 Rad8 21.
c4 dxc4 22. Qxc4+ Kg7 23. Rd1 Bf6 24. O-O Rf7 25. Rd2 Qd6 26. Rfd1 Rfd7 27. d5
Bg5 28. Qb3 Qe5 29. Nc4 Qe8 30. Rd4 Bf6 31. R4d2 Bg5 32. Rd4 Bf6 33. R4d2 Bg5
34. Rd4 Bf6 1/2-1/2

[Event "FIDE WCC Rapid 2016 Women"]
[Site "Doha"]
[Date "2016.12.26"]
[Round "1"]
[White "Lagno, Kateryna"]
[Black "Gaponenko, Inna"]
[Result "1/2-1/2"]
[WhiteElo "2530"]
[BlackElo "2411"]
[PlyCount "129"]
[EventDate "2016.??.??"]
[EventType "rapid"]
[EventCountry "QAT"]
[SourceTitle "playchess.com"]
[Source "ChessBase"]

1. e4 c5 2. Nf3 Nf6 3. e5 Nd5 4. Nc3 Nxc3 5. dxc3 e6 6. Bf4 Qb6 7. b3 Nc6 8.
Qd2 Qc7 9. Rd1 h6 10. h4 b6 11. Qe3 Ne7 12. c4 Nf5 13. Qc3 Bb7 14. Bd3 Bxf3 15.
gxf3 Nd4 16. Be4 O-O-O 17. Qe3 d6 18. c3 Nc6 19. Bxc6 Qxc6 20. Ke2 d5 21. cxd5
exd5 22. Bg3 Be7 23. f4 f6 24. Qf3 fxe5 25. Qg4+ Rd7 26. fxe5 h5 27. Qxg7 Rf8
28. e6 Qxe6+ 29. Qe5 Qg4+ 30. Kd2 Bd6 31. Qe3 Re7 32. Qd3 Bxg3 33. fxg3 Rf3 34.
Qa6+ Kb8 35. Rhe1 Re4 36. Rxe4 Qxe4 37. Rf1 Qe3+ 38. Kd1 Qxc3 39. Rxf3 Qxf3+
40. Qe2 Qxg3 41. Qxh5 Qg1+ 42. Ke2 Qg2+ 43. Kd1 Qf1+ 44. Kd2 Qf2+ 45. Kd3 Qf1+
46. Kd2 Qf4+ 47. Ke2 Qe4+ 48. Kd2 Qf4+ 49. Ke2 d4 50. Qe8+ Kc7 51. h5 Qg4+ 52.
Kd2 Qg5+ 53. Kd3 Qf5+ 54. Kd2 Qf2+ 55. Kd1 Qf1+ 56. Kd2 Qf2+ 57. Kd1 Qxa2 58.
Qe7+ Kc6 59. Qe6+ Kb5 60. Qc4+ Kc6 61. Qe6+ Kb7 62. Qd7+ Kb8 63. Qd8+ Kb7 64.
Qd7+ Kb8 65. Qd8+ 1/2-1/2

[Event "FIDE WCC Rapid 2016 Women"]
[Site "Doha"]
[Date "2016.12.26"]
[Round "1"]
[White "Krivec, Jana"]
[Black "Harika, Dronavalli"]
[Result "0-1"]
[WhiteElo "2264"]
[BlackElo "2543"]
[PlyCount "108"]
[EventDate "2016.??.??"]
[EventType "rapid"]
[EventCountry "QAT"]
[SourceTitle "playchess.com"]
[Source "ChessBase"]

1. e4 e6 2. d3 d5 3. Nd2 Nf6 4. Ngf3 c5 5. g3 Nc6 6. Bg2 g6 7. O-O Bg7 8. exd5
Nxd5 9. Ne4 b6 10. Re1 O-O 11. Bg5 f6 12. Bd2 e5 13. Nc3 Be6 14. Nxd5 Bxd5 15.
c4 Be6 16. Ng5 fxg5 17. Bxc6 Rc8 18. Be4 g4 19. Bc3 Qd6 20. Qe2 Rce8 21. Rad1
Re7 22. Bg2 Qd7 23. Qe4 Rfe8 24. Qc6 Qxc6 25. Bxc6 Bd7 26. Bd5+ Be6 27. Bc6 Bd7
28. Bd5+ Kh8 29. b4 Ba4 30. Rd2 e4 31. Bxg7+ Kxg7 32. bxc5 exd3 33. Rxe7+ Rxe7
34. cxb6 axb6 35. Rxd3 h5 36. Re3 Ra7 37. Ra3 Ra5 38. Kf1 Kf6 39. Ke1 Ke5 40.
Kd2 Kd4 41. Rd3+ Kc5 42. Kc3 Bc6 43. Kb2 Bxd5 44. cxd5 Kd6 45. Rb3 b5 46. Rd3
b4 47. Kb3 Ra3+ 48. Kc4 Rxa2 49. Kxb4 Rxf2 50. Ra3 Kxd5 51. Ra6 Rxh2 52. Rxg6
Ke4 53. Rf6 Rh3 54. Rh6 Kf3 0-1

[Event "FIDE WCC Rapid 2016 Women"]
[Site "Doha"]
[Date "2016.12.26"]
[Round "1"]
[White "Kashlinskaya, Alina"]
[Black "Ushenina, Anna"]
[Result "0-1"]
[WhiteElo "2429"]
[BlackElo "2459"]
[PlyCount "118"]
[EventDate "2016.??.??"]
[EventType "rapid"]
[EventCountry "QAT"]
[SourceTitle "playchess.com"]
[Source "ChessBase"]

1. d4 d5 2. c4 dxc4 3. e3 e5 4. Bxc4 Nc6 5. d5 Na5 6. Be2 c6 7. e4 Nf6 8. Nc3
Bb4 9. Qa4 Bxc3+ 10. bxc3 Bd7 11. dxc6 Bxc6 12. Qb4 Bxe4 13. Nf3 Nc6 14. Qa3
Bd3 15. Be3 Bxe2 16. Kxe2 e4 17. Nd4 Qa5 18. Qxa5 Nxa5 19. Nf5 O-O 20. g4 Nd5
21. Bd4 f6 22. Rab1 b6 23. Rb5 Nc7 24. Rbb1 Nc6 25. Rhg1 Nd5 26. Rg3 Rfe8 27.
Kd2 g6 28. Ne3 Rad8 29. Nxd5 Rxd5 30. Ke3 Nxd4 31. cxd4 Ra5 32. Rb2 Kf7 33. Rc2
Re7 34. Rg1 Ra3+ 35. Ke2 Rd3 36. Rc4 Rd7 37. Rgc1 h5 38. gxh5 gxh5 39. R1c3
R3xd4 40. Rxd4 Rxd4 41. Rc7+ Ke6 42. Rxa7 Kf5 43. a4 Kf4 44. a5 bxa5 45. Rxa5
f5 46. Kf1 Rd2 47. Ra3 h4 48. Rh3 Kg4 49. Ra3 Rd1+ 50. Kg2 h3+ 51. Rxh3 Rg1+
52. Kxg1 Kxh3 53. f3 e3 54. f4 Kg4 55. Kf1 Kxf4 56. Ke2 Ke4 57. h4 f4 58. h5
f3+ 59. Ke1 Kf5 0-1

[Event "FIDE WCC Rapid 2016 Women"]
[Site "Doha"]
[Date "2016.12.26"]
[Round "1"]
[White "Zhukova, Natalia"]
[Black "Muzychuk, Anna"]
[Result "0-1"]
[WhiteElo "2440"]
[BlackElo "2558"]
[PlyCount "62"]
[EventDate "2016.??.??"]
[EventType "rapid"]
[EventCountry "QAT"]
[SourceTitle "playchess.com"]
[Source "ChessBase"]

1. d4 Nf6 2. c4 g6 3. Nf3 Bg7 4. e3 O-O 5. Be2 d6 6. Nc3 Nbd7 7. O-O e5 8. Qc2
Re8 9. Re1 c6 10. b4 Nf8 11. Bb2 e4 12. Nd2 Bf5 13. Nb3 Rc8 14. Qd2 d5 15. Rac1
h5 16. a4 h4 17. h3 N8h7 18. b5 dxc4 19. Bxc4 Ng5 20. bxc6 bxc6 21. d5 Bxh3 22.
dxc6 Qe7 23. Nd4 Red8 24. f4 exf3 25. gxh3 f2+ 26. Kg2 Nfe4 27. Qe2 fxe1=Q 28.
Qxe1 Nxc3 29. Qxh4 Qxe3 30. Rxc3 Qxd4 31. Qxg5 Qd2+ 0-1

[Event "FIDE WCC Rapid 2016 Women"]
[Site "Doha"]
[Date "2016.12.26"]
[Round "1"]
[White "Gunina, Valentina"]
[Black "Gvetadze, Sofio"]
[Result "0-1"]
[WhiteElo "2525"]
[BlackElo "2283"]
[PlyCount "126"]
[EventDate "2016.??.??"]
[EventType "rapid"]
[EventCountry "QAT"]
[SourceTitle "playchess.com"]
[Source "ChessBase"]

1. d4 Nf6 2. c4 g6 3. Nf3 Bg7 4. e3 O-O 5. Be2 d6 6. O-O Nbd7 7. b3 c6 8. Nc3
Qc7 9. Bb2 Re8 10. Qc2 e5 11. Rfd1 Nf8 12. Ba3 e4 13. Nd2 Bf5 14. Nf1 Qe7 15.
b4 h5 16. Rab1 N8h7 17. c5 d5 18. b5 Ng5 19. bxc6 bxc6 20. Ba6 Nf3+ 21. Kh1 Ng4
22. h3 Qh4 23. Ng3 Nxe3 24. fxe3 Qxg3 25. gxf3 exf3 26. Qh2 Qxh2+ 27. Kxh2 Bxb1
28. Nxb1 Rxe3 29. Bc1 Re4 30. Bb2 Rb8 31. Ba1 f2 32. Bc3 Rbe8 33. Rf1 Re1 34.
Nd2 R8e3 35. Bb2 Rxf1 36. Nxf1 Re4 37. Bd3 Rf4 38. Kg3 g5 39. Ba6 Bxd4 40. Bc1
Rf5 41. Bb7 Bxc5 42. Bxc6 Re5 43. Kg2 Bd4 44. Bd2 f6 45. Bb5 Kg7 46. Bd3 Re1
47. Ng3 Rg1+ 48. Kf3 g4+ 49. hxg4 hxg4+ 50. Kxg4 Be5 51. Bf4 Rd1 52. Be2 Ra1
53. Kf3 Rxa2 54. Kxf2 Kf7 55. Kf3 Ra3+ 56. Kg4 Ra4 57. Nh5 a5 58. Bb5 Rb4 59.
Bc6 Ke6 60. Be8 a4 61. Kf3 Bxf4 62. Nxf4+ Rxf4+ 63. Kxf4 a3 0-1

[Event "FIDE WCC Rapid 2016 Women"]
[Site "Doha"]
[Date "2016.12.26"]
[Round "1"]
[White "Geldiyeva, Mahri"]
[Black "Zhao, Xue"]
[Result "1-0"]
[WhiteElo "2220"]
[BlackElo "2504"]
[PlyCount "175"]
[EventDate "2016.??.??"]
[EventType "rapid"]
[EventCountry "QAT"]
[SourceTitle "playchess.com"]
[Source "ChessBase"]

1. d4 Nf6 2. Nf3 e6 3. g3 b5 4. Bg2 d5 5. O-O c5 6. c3 Nbd7 7. Nbd2 Nb6 8. Ne5
Bb7 9. Re1 Be7 10. Ndf3 O-O 11. h3 Ne4 12. Nd2 f6 13. Nef3 f5 14. Ne5 Bd6 15.
Nf1 Rc8 16. f3 Nf6 17. Bg5 Qc7 18. f4 Ne4 19. Bxe4 fxe4 20. e3 a5 21. Rc1 Na4
22. Qe2 c4 23. Rc2 b4 24. Qg4 Rf5 25. Rec1 Ba6 26. Nd2 bxc3 27. bxc3 Rb8 28.
Rb1 Rxb1+ 29. Nxb1 Bxe5 30. fxe5 Qf7 31. Nd2 Qf8 32. h4 Kh8 33. Qd1 Bc8 34. Rc1
Bd7 35. Bf4 h6 36. Nf1 Be8 37. g4 Rf7 38. g5 Nb2 39. Qg4 Nd3 40. Rc2 Nxf4 41.
exf4 Rxf4 42. Qg2 Bh5 43. Rf2 Bf3 44. Qh3 Qf7 45. Ne3 Qh5 46. Qxe6 Rxh4 47.
Qc8+ Kh7 48. Qf5+ Qg6 49. Qxg6+ Kxg6 50. Rh2 Rf4 51. gxh6 gxh6 52. Nxd5 Rf8 53.
Rb2 Kg5 54. Rb5 Bg4 55. Nf6 Bf5 56. Kf2 h5 57. Ke3 h4 58. Nxe4+ Kg4 59. Nf6+
Kg3 60. Ne4+ Kg4 61. Rb1 h3 62. Rg1+ Kh4 63. Nf2 Be6 64. Rg6 Bd5 65. Rh6+ Kg3
66. Rxh3+ Kg2 67. Rh6 Rf3+ 68. Kd2 Rxf2+ 69. Ke3 Rf3+ 70. Kd2 Rd3+ 71. Kc2 Be4
72. Kb2 Kf3 73. Ra6 Rd2+ 74. Ka3 Rc2 75. Rxa5 Rxc3+ 76. Kb4 Rc1 77. e6 Bg6 78.
Rc5 Re1 79. d5 Bd3 80. Rc8 Kf4 81. d6 Rxe6 82. d7 Rd6 83. d8=Q Rxd8 84. Rxd8
Ke3 85. Kc3 Ke4 86. a4 Ke5 87. a5 Ke6 88. a6 1-0

[Event "FIDE WCC Rapid 2016 Women"]
[Site "Doha"]
[Date "2016.12.26"]
[Round "1"]
[White "Abdumalik, Zhansaya"]
[Black "Koneru, Humpy"]
[Result "0-1"]
[WhiteElo "2405"]
[BlackElo "2557"]
[PlyCount "174"]
[EventDate "2016.??.??"]
[EventType "rapid"]
[EventCountry "QAT"]
[SourceTitle "playchess.com"]
[Source "ChessBase"]

1. e4 c5 2. Nf3 e6 3. d4 cxd4 4. Nxd4 a6 5. Bd3 Qc7 6. O-O Bc5 7. Nb3 Be7 8.
Qg4 g6 9. Nc3 Nc6 10. f4 d6 11. Be3 Nf6 12. Qe2 O-O 13. Kh1 Nb4 14. a3 Nxd3 15.
cxd3 b5 16. Rac1 Qd8 17. Nd4 Bb7 18. f5 Qd7 19. Bh6 Rfe8 20. Bg5 exf5 21. Nxf5
gxf5 22. Rxf5 Qe6 23. Rcf1 Nd7 24. Be3 f6 25. d4 Kh8 26. d5 Qf7 27. Bd4 Rg8 28.
Qe3 Qg6 29. g3 Ne5 30. Ne2 Bc8 31. R5f4 Bh3 32. Re1 Bg4 33. Ng1 Rac8 34. Bc3
Qh5 35. Kg2 Bd7 36. Qa7 Ra8 37. Qd4 Qh6 38. Ref1 Rac8 39. Qa7 Ra8 40. Qd4 Qg6
41. Nf3 Nxf3 42. R1xf3 Rgf8 43. Qb6 Kg8 44. Qb7 Qe8 45. Qb6 Qd8 46. Qd4 a5 47.
Qd2 Rf7 48. g4 Rg7 49. h3 b4 50. axb4 axb4 51. Bxb4 Ra1 52. Bc3 Rg6 53. Rg3 Qb6
54. Rf2 Qb5 55. Qf4 Ra4 56. Re3 h5 57. Rg3 hxg4 58. hxg4 Qc4 59. g5 Qxe4+ 60.
Qxe4 Rxe4 61. gxf6 Rxg3+ 62. Kxg3 Bf8 63. f7+ Kh7 64. Kf3 Re7 65. Kg3 Re3+ 66.
Kh2 Kg6 67. Rf6+ Kg5 68. Rf2 Rh3+ 69. Kg1 Rd3 70. Rg2+ Bg4 71. Rh2 Bh5 72. Rg2+
Bg4 73. Rh2 Rh3 74. Rg2 Rf3 75. Bd2+ Kh5 76. Rh2+ Bh3 77. Rf2 Rxf2 78. Kxf2 Kg6
79. Ke3 Kxf7 80. Kd3 Bf1+ 81. Ke4 Bg2+ 82. Kd4 Bg7+ 83. Kc4 Bxb2 84. Bf4 Be5
85. Bg5 Bf1+ 86. Kb4 Kg6 87. Bd2 Kf5 0-1

[Event "FIDE WCC Rapid 2016 Women"]
[Site "Doha"]
[Date "2016.12.26"]
[Round "2"]
[White "Sviridova, Vlada"]
[Black "Gunina, Valentina"]
[Result "0-1"]
[WhiteElo "2144"]
[BlackElo "2525"]
[PlyCount "74"]
[EventDate "2016.??.??"]
[EventType "rapid"]
[EventCountry "QAT"]
[SourceTitle "playchess.com"]
[Source "ChessBase"]

1. d4 Nf6 2. c4 e6 3. Nf3 b6 4. g3 Bb7 5. Bg2 Bb4+ 6. Bd2 Be7 7. O-O O-O 8. Nc3
c6 9. e4 d5 10. cxd5 cxd5 11. e5 Ne4 12. Re1 Nxc3 13. Bxc3 b5 14. Qb3 Qb6 15.
Bb4 Bxb4 16. Qxb4 Nc6 17. Qc5 Qxc5 18. dxc5 Rfc8 19. Rec1 a5 20. Bf1 b4 21. Bb5
f6 22. Bxc6 Bxc6 23. a3 Rab8 24. axb4 Rxb4 25. Rxa5 d4 26. Ne1 Rxb2 27. exf6
gxf6 28. f4 Be4 29. Ra4 e5 30. Ra6 d3 31. Rd1 d2 32. Ng2 Bf3 33. Raa1 Bxd1 34.
Rxd1 Rxc5 35. Kf2 Rc1 36. Ke2 Rxd1 37. Kxd1 Rb1+ 0-1

[Event "FIDE WCC Rapid 2016 Women"]
[Site "Doha"]
[Date "2016.12.26"]
[Round "2"]
[White "Muzychuk, Anna"]
[Black "Javakhishvili, Lela"]
[Result "1-0"]
[WhiteElo "2558"]
[BlackElo "2461"]
[PlyCount "93"]
[EventDate "2016.??.??"]
[EventType "rapid"]
[EventCountry "QAT"]
[SourceTitle "playchess.com"]
[Source "ChessBase"]

1. e4 c5 2. Nf3 Nc6 3. Bb5 e6 4. O-O Nge7 5. d4 cxd4 6. Nxd4 a6 7. Be2 d5 8.
exd5 Qxd5 9. Be3 Nxd4 10. Bxd4 Nc6 11. Bb6 Be7 12. Nc3 Qxd1 13. Rfxd1 f5 14.
Na4 Nb4 15. Bc7 b5 16. Bf3 Ra7 17. Bb8 Rd7 18. Nb6 Rxd1+ 19. Rxd1 Kf7 20. Be5
Bf6 21. Bxf6 Kxf6 22. c3 Nd5 23. Nxd5+ exd5 24. Rxd5 Ke6 25. Rd4 Bd7 26. Bd5+
Ke7 27. f4 Rb8 28. Kf2 a5 29. a3 Rb6 30. g3 Rh6 31. h4 Rb6 32. Kf3 Be8 33. Rd3
Bh5+ 34. Ke3 Be8 35. Kd4 Kd6 36. Re3 Bd7 37. Re5 Rb8 38. Ba2 Rf8 39. Bb1 g6 40.
Bd3 Rb8 41. Rd5+ Kc6 42. Be2 b4 43. a4 bxc3 44. Bb5+ Kb6 45. Rd6+ Kc7 46. Rxd7+
Kc8 47. bxc3 1-0

[Event "FIDE WCC Rapid 2016 Women"]
[Site "Doha"]
[Date "2016.12.26"]
[Round "2"]
[White "Sloan, Julia Elizabeth"]
[Black "Zhukova, Natalia"]
[Result "0-1"]
[WhiteElo "2173"]
[BlackElo "2440"]
[PlyCount "56"]
[EventDate "2016.??.??"]
[EventType "rapid"]
[EventCountry "QAT"]
[SourceTitle "playchess.com"]
[Source "ChessBase"]

1. d4 Nf6 2. c4 c5 3. d5 b5 4. cxb5 a6 5. b6 d6 6. Nc3 Nbd7 7. a4 Qxb6 8. a5
Qb4 9. Ra4 Qb7 10. e4 g6 11. h3 Bg7 12. Nf3 O-O 13. Qc2 Ne8 14. Bf4 Nc7 15. Ra3
Rb8 16. Bc1 Nb5 17. Bc4 Nxa3 18. bxa3 Qc7 19. O-O Qxa5 20. Bd2 Qxa3 21. Rb1
Rxb1+ 22. Nxb1 Qb2 23. Qd3 Nb6 24. Nc3 Nxc4 25. Qxc4 Bd7 26. e5 dxe5 27. Qxa6
e4 28. Nxe4 Qb1+ 0-1

[Event "FIDE WCC Rapid 2016 Women"]
[Site "Doha"]
[Date "2016.12.26"]
[Round "2"]
[White "Charochkina, Daria"]
[Black "Ovezdurdiyeva, Jemal"]
[Result "1-0"]
[WhiteElo "2383"]
[BlackElo "2080"]
[PlyCount "52"]
[EventDate "2016.??.??"]
[EventType "rapid"]
[EventCountry "QAT"]
[SourceTitle "playchess.com"]
[Source "ChessBase"]

1. d4 Nf6 2. Bf4 g6 3. e3 Bg7 4. h3 d5 5. Bd3 O-O 6. Nd2 c5 7. c3 cxd4 8. exd4
Nc6 9. Ngf3 Nd7 10. O-O e5 11. dxe5 Ndxe5 12. Bb5 Qb6 13. a4 Bf5 14. Nxe5 Nxe5
15. Nb3 a6 16. Be2 Nc4 17. a5 Qf6 18. Qxd5 Nxb2 19. Nd4 Be6 20. Qf3 Nc4 21.
Rfe1 Rac8 22. Ra4 Ne5 23. Qg3 Bd7 24. Rb4 Bc6 25. Bxa6 Nd7 26. Bg5 Qd8 1-0

[Event "FIDE WCC Rapid 2016 Women"]
[Site "Doha"]
[Date "2016.12.26"]
[Round "2"]
[White "Gvetadze, Sofio"]
[Black "Goryachkina, Aleksandra"]
[Result "0-1"]
[WhiteElo "2283"]
[BlackElo "2466"]
[PlyCount "82"]
[EventDate "2016.??.??"]
[EventType "rapid"]
[EventCountry "QAT"]
[SourceTitle "playchess.com"]
[Source "ChessBase"]

1. Nf3 d5 2. g3 g6 3. Bg2 Bg7 4. O-O Nf6 5. d3 O-O 6. Nbd2 c5 7. e4 Nc6 8. Re1
Qc7 9. c3 dxe4 10. dxe4 Rd8 11. Qc2 Ng4 12. Nc4 b5 13. Ne3 Nxe3 14. Bxe3 c4 15.
Rad1 Bb7 16. Rd5 a6 17. h4 e6 18. Rdd1 Ne7 19. h5 gxh5 20. Ng5 Ng6 21. Qe2 h6
22. Nh3 h4 23. gxh4 Qe7 24. h5 Ne5 25. f4 Nd3 26. Rf1 f5 27. e5 Kh8 28. Kh2 Rg8
29. Rg1 Bxg2 30. Rxg2 Qh4 31. Rdg1 Rae8 32. Rg6 Nxe5 33. Bf2 Ng4+ 34. R6xg4
Qxh5 35. Bh4 fxg4 36. Rxg4 Qf5 37. Rg2 Bf6 38. Bg3 e5 39. Qf2 e4 40. Qe3 Rd8
41. Re2 Rd3 0-1

[Event "FIDE WCC Rapid 2016 Women"]
[Site "Doha"]
[Date "2016.12.26"]
[Round "2"]
[White "Batsiashvili, Nino"]
[Black "Dzagnidze, Nana"]
[Result "1-0"]
[WhiteElo "2482"]
[BlackElo "2520"]
[PlyCount "125"]
[EventDate "2016.??.??"]
[EventType "rapid"]
[EventCountry "QAT"]
[SourceTitle "playchess.com"]
[Source "ChessBase"]

1. d4 Nf6 2. c4 e6 3. Nc3 Bb4 4. Qc2 c5 5. dxc5 Na6 6. a3 Bxc3+ 7. Qxc3 Nxc5 8.
b4 Nce4 9. Qd4 d5 10. c5 h6 11. Nh3 Qe7 12. Bb2 a5 13. e3 axb4 14. axb4 Rxa1+
15. Bxa1 Bd7 16. f3 Ng5 17. Nf4 O-O 18. Bd3 Re8 19. Qe5 b6 20. Bd4 bxc5 21.
bxc5 Ra8 22. h4 Ngh7 23. Nxd5 Qf8 24. Nb6 Ra3 25. Bc4 Bc6 26. O-O Qd8 27. Rb1
Nf8 28. Qd6 Qxd6 29. cxd6 N6d7 30. Bb5 Bxb5 31. Rxb5 Ra6 32. Nc8 f6 33. f4 Kf7
34. Rb7 Ke8 35. Rc7 Kd8 36. Rc4 e5 37. fxe5 fxe5 38. Bc3 Ne6 39. Ne7 Rxd6 40.
Nc6+ Ke8 41. Nxe5 Nxe5 42. Bxe5 Rd2 43. Ra4 Re2 44. Ra3 Rc2 45. Kh2 Rc5 46. Bb2
g5 47. hxg5 hxg5 48. Kg3 Kf7 49. Rb3 Rc4 50. Rb6 Rc2 51. Kf3 Rc4 52. Rb7+ Kg6
53. Rb6 Kf7 54. g4 Ke7 55. Be5 Kf7 56. Ra6 Ke7 57. Ra7+ Kf8 58. Bd6+ Kg8 59.
Re7 Rc6 60. Rxe6 Kf7 61. Re7+ Kf6 62. Bb4 Rc4 63. Re4 1-0

[Event "FIDE WCC Rapid 2016 Women"]
[Site "Doha"]
[Date "2016.12.26"]
[Round "2"]
[White "Harika, Dronavalli"]
[Black "Kosteniuk, Alexandra"]
[Result "0-1"]
[WhiteElo "2543"]
[BlackElo "2555"]
[PlyCount "121"]
[EventDate "2016.??.??"]
[EventType "rapid"]
[EventCountry "QAT"]
[SourceTitle "playchess.com"]
[Source "ChessBase"]

1. Nf3 Nf6 2. g3 c5 3. Bg2 Nc6 4. O-O d5 5. d4 cxd4 6. Nxd4 e5 7. Nxc6 bxc6 8.
c4 Be6 9. Bg5 Rc8 10. Qa4 Qd7 11. Bxf6 gxf6 12. cxd5 cxd5 13. Qxd7+ Kxd7 14.
Rd1 d4 15. Nc3 Ke7 16. Nd5+ Bxd5 17. Bxd5 Bh6 18. Be4 Rc5 19. b4 Rc4 20. b5 Ke6
21. a4 f5 22. Bd3 Rc5 23. f3 Be3+ 24. Kh1 h5 25. a5 e4 26. fxe4 fxe4 27. Bxe4
Rxb5 28. Bd3 Rg5 29. Bc4+ Ke7 30. Rab1 h4 31. g4 Rxg4 32. Rb7+ Kd6 33. Bxf7 h3
34. Rb3 Kc5 35. Bd5 Rg5 36. Be6 Rh6 37. Bd7 Rg2 38. Bxh3 Rxe2 39. Bg2 Ra2 40.
Rdb1 Rxa5 41. Rb7 Rb6 42. Rc7+ Kd6 43. Rxb6+ axb6 44. Rc6+ Ke5 45. Bf1 Ra1 46.
Kg2 Ra2+ 47. Kh3 Rb2 48. Bc4 Kf5 49. Bd3+ Kg5 50. Rg6+ Kh5 51. Rg2 Rb3 52. Be2+
Kh6 53. Rg3 b5 54. Kg4 b4 55. Kf5 Rc3 56. Kf6 Rc6+ 57. Ke5 b3 58. Rh3+ Kg7 59.
Bd3 Rc3 60. Be4 Bf4+ 61. Kxd4 0-1